000
00248nam a2200097Ia 4500
008
120527s9999 xx 000 0 und d
100
_a
MILENKOVIC,Milan.
245
_a
Operating systems:Concept and design.
260
_b
Tata Mcgraw-hill
942
_c
BK
999
_c
24143
_d
24143